000 00672cab a22002055a 4500
001 L153073
008 110602s2011 xxk f s 000 0 eng d
035 _a(Sirsi) u153073
041 0 _aeng
100 2 _aKissock, John
245 0 0 _aTimber frame
_bengineering environmental solutions
260 _c2011
490 0 _aBuilding Engineer
_v86(6) June 2011, 24(1)
520 _aLooks at the reasons for timber frame construction being the fastest growing method of construction in the UK.
590 _aKA
651 4 _aUnited Kingdom
_y
690 _aBUILT ENVIRONMENT-BUILDING MATERIALS-TIMBER
690 _aBUILT ENVIRONMENT-SUSTAINABLE CONSTRUCTION
942 _n0
999 _c83179
_d83179